Normale Ansicht MARC-Ansicht ISBD

Graffiti an der Stadtbrücke veralbert Grenzkontrollen (Titelsatznr. 373879)

[ MARC ]
MARC-Details
000 -Satzkennung
Kontrollfeld mit fester Länge 00662nab a2200193 4500
001 - Kontrollnummer
Kontrollfeld 244442
003 - Kontrollnummer Identifier
Kontrollfeld OSt
005 - Datum und Zeit der letzten Transaktion
Kontrollfeld 20250710075435.0
007 - Feld mit fester Länge zur physischen Beschreibung - Allgemeine Information
Kontrollfeld mit fester Länge tu
008 - Feld mit fester Länge zur physischen Beschreibung - Allgemeine Angaben
Kontrollfeld mit fester Länge 200917s2020|||||||
040 ## - Katalogisierungsquelle
Original-Katalogisierungsstelle DE-2950
Übertragungsstelle DE-2950
245 00 - Titel
Titel Graffiti an der Stadtbrücke veralbert Grenzkontrollen
Zusatz zum Titel Projekt. Direkt an der Stadtbibliothek in Slubice prangt der Spruch einer Nobelpreisträgerin, der nicht jedem gefallen wird. Das Spraywerk fällt auf/
Verfasserangabe etc. Leonard Palm
264 ## - Produktion, Veröffentlichung, Distribution, Herstellung und Urheberrechtsvermerk
Datum der Herstellung, der Veröffentlichung, des Vertriebs oder des Urheberschutzvermerks 2024
653 ## - Indexierungsterm - Nicht normiert
Nicht-normierter Term Slubice
653 ## - Indexierungsterm - Nicht normiert
Nicht-normierter Term Stadtbibliothek
653 ## - Indexierungsterm - Nicht normiert
Nicht-normierter Term Graffiti
773 0# - Übergeordnete Einheit
Verknüpfungsangaben 36. Jahrgang (2025) Nr. 153 vom 04.07.2025, S. 16 mit Foto
Titel Märkische Oderzeitung
942 ## - Zusätzliche Felder (Koha)
Klassifikation oder Aufstellungssystematik Andere/Generische Klassifikation
Koha-Medientyp Aufsätze
Exemplare
Ausgeschieden Verloren Klassifikation oder Aufstellungssystematik Beschädigt Nicht entleihbar Heimatbibliothek Aufenthaltsbibliothek Aufstellungsort Erwerbungsdatum Anzahl Ausleihen Signatur Letzte Aktivität Preis gültig von Koha-Medientyp
    Andere/Generische Klassifikation     Stadtarchiv Frankfurt (Oder) | Archivbibliothek Stadtarchiv Frankfurt (Oder) | Archivbibliothek Magazin 10/07/2025   Z2 10/07/2025 10/07/2025 Aufsätze